Ni Marx ni Jesús: de la segunda revolución americana a la segunda revolución mundial
Сохранить в:
| Главный автор: | |
|---|---|
| Формат: | |
| Язык: | испанский |
| Опубликовано: |
Buenos Aires
Emecé Editores
1971
|
| Редактирование: | 1a. ed |
| Предметы: | |
| Метки: |
Добавить метку
Нет меток, Требуется 1-ая метка записи!
|
MARC
| LEADER | 00000cam a2200000 a 4500 | ||
|---|---|---|---|
| 001 | UCF8694 | ||
| 003 | CL-VaPUC | ||
| 008 | 130930e19710600ag |||||||||||||||||spa|d | ||
| 082 | 0 | 4 | |a 320.972 |b REV |2 21 |
| 100 | 0 | |a Revel, Jean-Francois |e author |9 570841 | |
| 245 | 1 | 0 | |a Ni Marx ni Jesús: de la segunda revolución americana a la segunda revolución mundial |
| 250 | |a 1a. ed | ||
| 300 | |a 223 p | ||
| 942 | |c BK | ||
| 945 | |d 20130930 13:19:00 |a dcastane | ||
| 260 | |a Buenos Aires |b Emecé Editores |c 1971 | ||
| 650 | 0 | |a Historia política |9 256974 | |
| 650 | 0 | |a Ideologías políticas |9 255735 | |
| 650 | 7 | |a REVOLUCION POLITICA |2 CL-VaPUC |9 559123 | |
| 650 | 0 | |a Cambio social |9 256857 | |
| 651 | 0 | |a Estados Unidos |9 255178 | |
| 583 | |a last modification |c 20150522 12:43:48 |k Rodrigo Vera | ||
| 999 | |c 353260 |d 353258 | ||
| 952 | |0 0 |1 0 |3 erb |4 0 |6 320_972000000000000_REV_1971 |7 0 |8 A |9 458378 |a BIBHIS |b BIBHIS |d 2019-11-23 |i 5008239 |o 320.972 REV 1971 |p 5008239 |r 2025-01-20 |w 2019-11-23 |y BK |z Catalogado en:20130930 |k HIS | ||